Basic concepts of analytical chemistry (Record no. 1605)
[ view plain ]
| 000 -LEADER | |
|---|---|
| fixed length control field | 00554nam a22002057a 4500 |
| 003 - CONTROL NUMBER IDENTIFIER | |
| control field | OSt |
| 005 - DATE AND TIME OF LATEST TRANSACTION | |
| control field | 20251016020003.0 |
| 008 - FIXED-LENGTH DATA ELEMENTS--GENERAL INFORMATION | |
| fixed length control field | 150428b xxu||||| |||| 00| 0 eng d |
| 020 ## - INTERNATIONAL STANDARD BOOK NUMBER | |
| International Standard Book Number | 8122420923 |
| 040 ## - CATALOGING SOURCE | |
| Transcribing agency | DDC |
| 082 ## - DEWEY DECIMAL CLASSIFICATION NUMBER | |
| Edition number | 22nd ed. |
| Classification number | 543 KHO 2008 |
| 100 ## - MAIN ENTRY--PERSONAL NAME | |
| Personal name | Khopkar, S.M |
| 9 (RLIN) | 528 |
| 245 ## - TITLE STATEMENT | |
| Title | Basic concepts of analytical chemistry |
| 250 ## - EDITION STATEMENT | |
| Edition statement | 3rd ed. |
| 260 ## - PUBLICATION, DISTRIBUTION, ETC. (IMPRINT) | |
| Place of publication, distribution, etc. | New Delhi; |
| Name of publisher, distributor, etc. | New Age, |
| Date of publication, distribution, etc. | 2008 |
| 300 ## - PHYSICAL DESCRIPTION | |
| Extent | xxvii, 604p; |
| Other physical details | ill: |
| Dimensions | 24cm |
| 504 ## - BIBLIOGRAPHY, ETC. NOTE | |
| Bibliography, etc | Appendices, & index included |
| 650 ## - SUBJECT ADDED ENTRY--TOPICAL TERM | |
| Topical term or geographic name as entry element | Analytical Chemistry |
| 9 (RLIN) | 4235 |
| 942 ## - ADDED ENTRY ELEMENTS (KOHA) | |
| Source of classification or shelving scheme | Dewey Decimal Classification |
| Koha item type | Open Shelf |
| Koha issues (borrowed), all copies | 1 |
| Withdrawn status | Lost status | Source of classification or shelving scheme | Damaged status | Not for loan | Home library | Current library | Date acquired | Source of acquisition | Inventory number | Total Checkouts | Full call number | Barcode | Date last seen | Koha item type | Date last checked out | Price effective from |
|---|---|---|---|---|---|---|---|---|---|---|---|---|---|---|---|---|
| Dewey Decimal Classification | MUST Main Library | MUST Main Library | 28/04/2015 | 12/36669 | 543 KHO 2008 | 2015-1190 | 28/04/2015 | Open Shelf | ||||||||
| Dewey Decimal Classification | MUST Main Library | MUST Main Library | 28/04/2015 | 12/36673 | 4 | 543 KHO 2008 | 2015-1191 | 31/10/2025 | Open Shelf | 15/10/2025 | ||||||
| Dewey Decimal Classification | MUST Main Library | MUST Main Library | 08/05/2015 | 15/38812 | 3 | 543 KHO 2008 | 2015-1357 | 21/10/2019 | Open Shelf | 07/10/2019 | ||||||
| Dewey Decimal Classification | MUST Main Library | MUST Main Library | 25/04/2016 | 2011/33681 | 543 KHO 2008 | 2016-1337 | 25/04/2016 | Short Loan | 25/04/2016 | |||||||
| Dewey Decimal Classification | MUST Main Library | MUST Main Library | 05/05/2016 | 2012/36670 | 543 KHO 2008 | 2016-1580 | 05/05/2016 | Short Loan | 05/05/2016 | |||||||
| Dewey Decimal Classification | MUST Main Library | MUST Main Library | 06/05/2016 | 2012/36672 | 543 KHO 2008 | 2016-1605 | 06/05/2016 | Short Loan | 06/05/2016 | |||||||
| Dewey Decimal Classification | MUST Main Library | MUST Main Library | 09/05/2016 | 2010/32083 | 543 KHO 2008 | 2016-1631 | 09/05/2016 | Open Shelf | 09/05/2016 | |||||||
| Dewey Decimal Classification | MUST Main Library | MUST Main Library | 09/05/2016 | 2012/36671 | 543 KHO 2008 | 2016-1644 | 09/05/2016 | Short Loan | 09/05/2016 |
